| 000 | nam a22 7a 4500 | ||
|---|---|---|---|
| 999 |
_c126611 _d126611 |
||
| 008 | 170809b xxu||||| |||| 00| 0 eng d | ||
| 050 | _aPN2998.4.G294 | ||
| 100 |
_aGecau, Kimani _927010 |
||
| 245 |
_aCommunity based theatre in Zimbabwe _bAn evaluation of Zimfep's Experience _cKimani Gecau et al ... |
||
| 260 |
_aHarare _bZimfep _c1991 |
||
| 300 |
_a58p. ; _c21cm. |
||
| 650 |
_aDrama _zZimbabwe _934675 |
||
| 942 |
_2lcc _cMONOGRAPH |
||